02103cam a2200409 i 450000100090000000300040000900500170001300800410003001000170007102000260008802000250011403500200013904000330015904200080019205000230020006000110022308200220023410000300025624502230028626400860050930000450059533600210064033700250066133800230068650400510070950505060076065000300126665000270129665000140132365000220133765000140135965000350137365000260140870000310143470000380146577601900150318240920OSt20221109104325.0140722s2015 enka b 001 0 eng  a 2014028955 a9781119998884 (cloth) a9781119998877 (pbk.) a(DNLM)101637477 aDNLM/DLCbengcDLCerdadDLC apcc00aQK981.4b.G76 201510aQK 98100a572.82223bGRO/P1 aGrotewold, Ericheauthor.10aPlant genes, genomes, and genetics /cErich Grotewold, The Ohio State University, USA, Joseph Chappell, University of Kentucky, USA, Elizabeth A. Kellogg, Donald Danforth Plant Science Center, St. Louis, Missouri, USA. 1aChichester, West Sussex, UK ;aHoboken, NJ, USA :bJohn Wiley & Sons Inc.,c2015. axix, 239 pages :billustrations ;c26 cm atext2rdacontent aunmediated2rdamedia avolume2rdacarrier aIncludes bibliographical references and index.0 aThe plant genetic material -- The genome landscape : plastic and dynamic -- Transposable elements -- Centromeres, telomeres and chromatin -- Organelle genomes -- RNA -- The plant RNA polymerases -- Making mRNAs : control of transcription by RNP-II -- Controlling nuclear transcription -- Control of transcription factor function -- Small RNAs -- Chromatin and gene expression -- RNA processing and transport -- Fate of RNA -- Translation of RNA -- Protein folding and transport -- Protein degradation. 0aPlant molecular genetics. 0aPlant gene expression. 0aGenomics.12aPlantsxgenetics.22aGenomics.22aPlant Physiological Phenomena.22aRNA, Plantxgenetics.1 aChappell, Joseph,eauthor.1 aKellogg, Elizabeth Anne,eauthor.08iOnline version:aGrotewold, Erich, author.tPlant genes, genomes, and geneticsdChichester, West Sussex, UK ; Hoboken, NJ : John Wiley & Sons Inc., 2015z9781118539361w(DLC) 2014029985